Score 0/15 Timer 01:00
0 Plays Today
% Correct
Kermit the Frog
98.4%
Gonzo
97.4%
Miss Piggy
96.8%
Fozzie Bear
96.7%
Beaker
94.2%
Swedish Chef
93.9%
Animal
93.1%
Rowlf the Dog
91.6%
% Correct
Dr. Bunsen Honeydew
91.1%
Rizzo the Rat
89.9%
Scooter
88.2%
Waldorf
88.2%
Sam Eagle
85.3%
Statler
81.2%
Sweetums
68.4%

Today's Daily Dose

Missing Word
1900s A-Z

Word Ladder
Space Firsts

Quick Pick
Salsa

Get the Picture
Body Systems

Remove Ads.
Support Sporcle.
Get the best of Sporcle when you Go Orange. This ad-free experience offers more features, more stats, and more fun while also helping to support Sporcle. Thank you for becoming a member.

You're not logged in!

Compare scores with friends on all Sporcle quizzes.
OR
Log In

Show Comments

Extras

Top Quizzes Today


Score Distribution

Your Account Isn't Verified!

In order to create a playlist on Sporcle, you need to verify the email address you used during registration. Go to your Sporcle Settings to finish the process.

Report this User

Report this user for behavior that violates our Community Guidelines.

Details: